000 00883nmm a2200265 a 4500
001 ocm000999377
003 TR-IsHL
005 20201028151440.0
008 150709s2009 tu tur
007 cr cn
020 _a9789944742092
035 _a999377
_b(N$T)
050 0 4 _aBP75.27
_b.A48 2009
090 0 4 _aBP75.27
_b.A48 2009
100 1 _aAlver, Salim
245 1 0 _aKeşke O'nu anlayabilseydik
_h[electronic resource] /
_cSalim Alver
260 _aİstanbul :
_bArı Sanat Yayınları,
_c2009
300 _a192 p.
650 4 _aFelsefe, Psikoloji ve Din
650 4 _aPhilosophy, Psychology and Religion
650 0 _aMuhammed, Hz. Peygamber, 571-632
650 0 _aMuhammad, Prophet, 571-632
650 7 _aBIOGRAPHY & AUTOBIOGRAPHY / Religious
_2bisacsh
856 4 0 _uhttp://search.ebscohost.com/login.aspx?direct=true&scope=site&db=e011xww&AN=999377
999 _c11012
_d11012